000 00665nam a2200277Ia 4500
005 20260324133019.0
008 008 260324s9999 xx 000 0 eng d
020 _a9781315251783
037 _aEBOOK
040 _aCRL
040 _beng
040 _cCRL
041 _2eng
041 _aeng
084 _qCRL
100 _aTheodore Gabriel; Jane Idleman Smith; Ron Geaves
_91191479
245 0 _aIslam and the West Post 9/11
260 _bTaylor and Francis
260 _c2004
365 _a
365 _b300
856 _uhttp://www.taylorfrancis.com/books/9781315251783
942 _cEBOOK
999 _c1790120
_d1790120